Boys of America. (Record no. 1734)

MARC details
000 -LEADER
fixed length control field 01418cas a22003971a 4500
001 - CONTROL NUMBER
control field data
005 - DATE AND TIME OF LATEST TRANSACTION
control field 20260322212115.0
007 - PHYSICAL DESCRIPTION FIXED FIELD--GENERAL INFORMATION
fixed length control field data
007 - PHYSICAL DESCRIPTION FIXED FIELD--GENERAL INFORMATION
fixed length control field data
008 - FIXED-LENGTH DATA ELEMENTS--GENERAL INFORMATION
fixed length control field data
035 ## - SYSTEM CONTROL NUMBER
System control number 11340149
010 ## - LIBRARY OF CONGRESS CONTROL NUMBER
LC control number sf 88092993
035 ## - SYSTEM CONTROL NUMBER
System control number (OCoLC)18482842
040 ## - CATALOGING SOURCE
Original cataloging agency DLC
Language of cataloging eng
Transcribing agency DLC
Modifying agency OCLCQ
-- OCLCQ
-- OCLCO
-- OCLCF
-- OCLCO
-- OCLCQ
042 ## - AUTHENTICATION CODE
Authentication code pcc
050 00 - LIBRARY OF CONGRESS CALL NUMBER
Classification number Microfilm 07268
245 00 - TITLE STATEMENT
Title Boys of America.
260 ## - PUBLICATION, DISTRIBUTION, ETC.
Place of publication, distribution, etc. New York :
Name of publisher, distributor, etc. Street & Smith
300 ## - PHYSICAL DESCRIPTION
Extent volumes :
Other physical details illustrations ;
Dimensions 42 cm
310 ## - CURRENT PUBLICATION FREQUENCY
Current publication frequency Weekly
336 ## - CONTENT TYPE
Content type term text
Content type code txt
Source rdacontent
337 ## - MEDIA TYPE
Media type term microform
Media type code h
Source rdamedia
338 ## - CARRIER TYPE
Carrier type term microfilm reel
Carrier type code hd
Source rdacarrier
362 1# - DATES OF PUBLICATION AND/OR SEQUENTIAL DESIGNATION
Dates of publication and/or sequential designation Began with: Vol. 1 (Oct. 5, 1901).
533 ## - REPRODUCTION NOTE
Type of reproduction Microfilm.
Dates and/or sequential designation of issues reproduced v.2 (Oct. 4,1902-Sept. 26,1903)
Place of reproduction Washington, D.C. :
Agency responsible for reproduction Available from Library of Congress Photoduplication Service.
-- Available from Library of Congress Photoduplication Service.
Physical description of reproduction microfilm reels ; 35 mm.
588 ## - SOURCE OF DESCRIPTION NOTE
Source of description note Description based on: Vol. 1, no. 35 (May 31, 1902).
650 #0 - SUBJECT ADDED ENTRY--TOPICAL TERM
Topical term or geographic name entry element Adventure stories
Form subdivision Periodicals.
650 #7 - SUBJECT ADDED ENTRY--TOPICAL TERM
Topical term or geographic name entry element Adventure stories.
Source of heading or term fast
Authority record control number or standard number (OCoLC)fst00797462
655 #7 - INDEX TERM--GENRE/FORM
Genre/form data or focus term Periodicals.
Source of term fast
Authority record control number or standard number (OCoLC)fst01411641
776 1# - ADDITIONAL PHYSICAL FORM ENTRY
Qualifying information Original
Record control number (DLC) 10018190
890 ## -
-- Boys of America. [microfilm]
906 ## - LOCAL DATA ELEMENT F, LDF (RLIN)
a 7
b cbc
c serials
d u
e ncip
f 19
g n-oclcserc
991 ## -
-- c-MicRR
-- Microfilm 07268
-- SERIALS
Holdings
Withdrawn status Lost status Damaged status Not for loan Home library Current library Shelving location Date acquired Total checkouts Full call number Barcode Date last seen Price effective from Koha item type
        Fairview Fairview General stacks 22/03/2026   Microfilm 07268 LOC-FPL-00019 22/03/2026 22/03/2026 Books